000 00534nam a2200193Ia 4500
005 20250508153256.0
008 008 250505s9999 xx 000 0 eng d
037 _aTextual
040 _aFEDL
_beng
_cFEDL
041 _aeng
_2eng
084 _a155.2, MUK
_qFEDL
100 _aMukerjee Radhakamal
245 0 _aPhilosophy of personality
260 _aBombay, India
_bAllied Publishers Private Limited
_c1963
300 _a237p
650 _aPersonality
942 _cTEXL
_h155.2, MUK
999 _c1341683
_d1341683